|
|
|
|
| LEADER |
00775cam a2200217 7i4500 |
| 001 |
0000038694 |
| 005 |
20120524090000.0 |
| 020 |
|
|
|a 9789831003534
|
| 020 |
|
|
|a 9831003535 (pbk.)
|
| 090 |
0 |
0 |
|a BP173.4
|b .B38 2006
|
| 100 |
0 |
|
|a Baterah Alias
|
| 245 |
1 |
0 |
|a Islam dan emansipasi wanita
|c Baterah Alias, Che Zarrina Sa'ari.
|
| 260 |
|
|
|a Kuala Lumpur:
|b Penerbit UM,
|c 2006.
|
| 300 |
|
|
|a xiii, 186 p.:
|b ill.;
|c 23 cm.
|
| 650 |
0 |
0 |
|a Muslim women --
|x Social conditions --
|z Malaysia
|
| 650 |
0 |
0 |
|a Women in Islam
|
| 650 |
0 |
0 |
|a Women's rights --
|x Religious aspects --
|x Islam
|
| 650 |
0 |
0 |
|a Women in Islam --
|z Malaysia
|
| 700 |
0 |
|
|a Che Zarrina Sa'ari
|
| 999 |
|
|
|a 0000054330
|b BOK
|c OPEN SHELF
|e 1st Floor, Bestari Jaya
|
| 999 |
|
|
|a 0000054331
|b BOK
|c OPEN SHELF
|e 1st Floor, Shah Alam
|